Kalotaszeg népi építészete a 18. században
Elmentve itt :
| Szerző: | |
|---|---|
| Adatforrás: | Meister |
| Forrásdokumentuma: | Művelődés. - 12 sz., 1998, 16-18 p. |
| Nyelv: | magyar |
| Kulcsszavak: | etnográfia építészet (népi-) népi épitészet építészet Kalotaszeg |
| LEADER | 00479nab a2200169 i 4500 | ||
|---|---|---|---|
| 001 | bibPRO00001589 | ||
| 008 | 060524s1998 xx hun | ||
| 040 | |a Sz1 | ||
| 041 | |a hun | ||
| 100 | 1 | |a SEBESTYÉN Kálmán | |
| 245 | 1 | 0 | |a Kalotaszeg népi építészete a 18. században |c SEBESTYÉN Kálmán |
| 695 | |a etnográfia | ||
| 695 | |a építészet (népi-) | ||
| 695 | |a népi épitészet | ||
| 695 | |a építészet | ||
| 695 | |a Kalotaszeg | ||
| 773 | 0 | |t Művelődés. - |g 12 sz., 1998, 16-18 p. | |